I Get The Bag - Gucci Mane feat. Migos (Full lyrics) - Statistics

General Stats
  • This quiz has been taken 15 times
  • The average score is 512 of 764
Answer Stats
Lyrics % Correct
a
100%
A
100%
I
100%
and
88%
And
88%
As
88%
ass
88%
bag
88%
Bag
88%
bag,
88%
Be
88%
be
88%
cash
88%
do
88%
flip
88%
fuck
88%
Fuck
88%
fumble
88%
get
88%
got
88%
it
88%
she
88%
the
88%
the,
88%
three
88%
tumble
88%
up
88%
up,
88%
You
88%
you
88%
100,
75%
blunt
75%
But
75%
but
75%
cold
75%
Drop
75%
drop
75%
Droppin'
75%
droppin'
75%
fast
75%
feel
75%
for
75%
foreign
75%
gon'
75%
heat
75%
hoes,
75%
hundred
75%
Hundred
75%
I'm
75%
in
75%
In
75%
Italy,
75%
it's
75%
It's
75%
just
75%
Just
75%
K
75%
Keep
75%
Lil'
75%
livin'
75%
lot,
75%
mama
75%
Mama
75%
me
75%
me,
75%
on
75%
out
75%
real
75%
Straight
75%
straight
75%
they
75%
They
75%
thot,
75%
to
75%
too
75%
top
75%
when
75%
with
75%
baby,
63%
baby
63%
Bitch,
63%
bitch,
63%
bitch
63%
came
63%
Came
63%
car
63%
chill
63%
Convertible
63%
convertible
63%
DM
63%
dope
63%
Eat
63%
eat
63%
fleek
63%
Ice
63%
like
63%
my
63%
My
63%
neck,
63%
neck
63%
Pull
63%
pull
63%
spot,
63%
take
63%
Take
63%
that
63%
two
63%
Wop,
63%
your
63%
at
50%
average
50%
bitches
50%
feast
50%
fine
50%
Fox
50%
free
50%
hate
50%
have
50%
Hop
50%
hop
50%
knees
50%
know
50%
Look
50%
look
50%
masturbated
50%
nigga
50%
no
50%
Not
50%
not
50%
of
50%
or
50%
Percocet
50%
please
50%
pot
50%
say
50%
so
50%
stash
50%
Them
50%
them
50%
these
50%
These
50%
triple
50%
typical
50%
wrist,
50%
all
38%
back
38%
Back
38%
body,
38%
brain
38%
'cause
38%
chains
38%
Cocaine,
38%
Cocaine
38%
codeine,
38%
Congratulations,
38%
cookies,
38%
critical
38%
cup,
38%
cut
38%
dog,
38%
don't
38%
Don't
38%
Double
38%
easy,
38%
freestyle
38%
good
38%
graduated
38%
had
38%
half
38%
her
38%
Jenner
38%
kill
38%
killin'
38%
Kris
38%
L.A.
38%
leap
38%
masters,
38%
nickel
38%
niggas
38%
niggas,
38%
own
38%
Patek
38%
Phillippe
38%
pill
38%
plastic,
38%
pour
38%
put
38%
rap
38%
regular
38%
savage,
38%
sick
38%
signed
38%
spent
38%
Takeoff
38%
Then
38%
then
38%
tip
38%
traffic,
38%
tragic,
38%
vertical,
38%
want
38%
what
38%
addicted
25%
around
25%
beat
25%
bricks
25%
casket,
25%
cellular
25%
closed
25%
come
25%
comparin',
25%
co-sign
25%
cost
25%
couldn't
25%
count
25%
Count
25%
drive
25%
even
25%
fascinated,
25%
federal
25%
fender
25%
freezin',
25%
frog
25%
from
25%
game
25%
Hold
25%
house
25%
jail
25%
JAY-Z
25%
Jimmy
25%
jump
25%
key
25%
Kimmel
25%
laugh
25%
lean,
25%
leave
25%
lookin'
25%
makin'
25%
medical
25%
middle
25%
mil'
25%
money
25%
nothin'
25%
pay
25%
pictures
25%
piece
25%
play
25%
post
25%
rehab,
25%
ride
25%
runnin'
25%
said
25%
saw
25%
simple,
25%
Skrrt,
25%
skrrt,
25%
Stop
25%
summer,
25%
temple
25%
trapper,
25%
treat
25%
used
25%
Vivica
25%
walk
25%
went
25%
will
25%
won't
25%
y'all
25%
Backin'
13%
baggin'
13%
break
13%
clip
13%
crippled
13%
ends
13%
enter
13%
etcetera
13%
gettin'
13%
landin'
13%
mental
13%
M's
13%
Nebula
13%
Need
13%
now
13%
off,
13%
racks,
13%
schedule
13%
sleep,
13%
symbol
13%
temperature
13%
twenty
13%
vegetables
13%
Walkin'
13%
No matching quizzes found
Score Distribution
Percent of People with Each Score
Percentile by Number Answered
Your Score History
You have not taken this quiz